| 000 | 00510nam a2200193Ia 4500 | ||
|---|---|---|---|
| 005 | 20260429112119.0 | ||
| 008 | 260429s9999||||xx |||||||||||||| ||und|| | ||
| 020 | _a9789363636545 | ||
| 041 | _aEnglish | ||
| 082 |
_a589.95 _bSUM |
||
| 100 | _aSumbali, Geeta | ||
| 245 | 0 |
_aFundamentals of microbiology / _cGeeta Sumbali |
|
| 250 | _a2nd ed. | ||
| 260 |
_aNew Delhi : _bMedTec Science Press, _c2026. |
||
| 300 | _axvi, 947 p.; pbk | ||
| 650 | _aMicrobiology | ||
| 700 | _a Mehrotra, R. S. | ||
| 942 | _cTB | ||
| 999 |
_c52418 _d52418 |
||